00266nam a2200109Ia 4500008004100000082001600041100001200057245003100069250000900100260003900109300000800148150731s2014 xx 000 0 und d a611bH 14 U aUSHA V. aHUMAN EMBRYOLOGY MADE EASY a1 ST bAHUJA PUBLISHING HOUSE DELHIc2014 a100